Power System Dynamics (Record no. 1906)

MARC details
000 -LEADER
fixed length control field 00406nam a2200157Ia 4500
008 - FIXED-LENGTH DATA ELEMENTS--GENERAL INFORMATION
fixed length control field 230312s9999||||xx |||||||||||||| ||und||
020 ## - INTERNATIONAL STANDARD BOOK NUMBER
International Standard Book Number 81-7800-024-5
082 ## - DEWEY DECIMAL CLASSIFICATION NUMBER
Classification number 621
Item number PAD-P
100 ## - MAIN ENTRY--PERSONAL NAME
Personal name Padiyar,K.R
245 #0 - TITLE STATEMENT
Title Power System Dynamics
260 ## - PUBLICATION, DISTRIBUTION, ETC.
Name of publisher, distributor, etc. BS Publications
Place of publication, distribution, etc. India
Date of publication, distribution, etc. 2006
300 ## - PHYSICAL DESCRIPTION
Extent 571
546 ## - LANGUAGE NOTE
Language note Eng.
650 ## - SUBJECT ADDED ENTRY--TOPICAL TERM
Topical term or geographic name entry element Engineering
Form subdivision Basic Concepts,Review of Classical Methods
942 ## - ADDED ENTRY ELEMENTS (KOHA)
Koha item type BOOK
Holdings
Withdrawn status Lost status Source of classification or shelving scheme Damaged status Not for loan Home library Current library Date acquired Total Checkouts Full call number Barcode Date last seen Price effective from Koha item type
    Dewey Decimal Classification     Superior Information Resource Center (SIRC) Superior University- Main Campus Superior Information Resource Center (SIRC) Superior University- Main Campus 03/13/2023   621 PAD-P 1916 03/13/2023 03/13/2023 BOOK

Powered by Koha